00461nam a22001457a 4500020001800000082001500018100001900033245003700052260003800089300000800127650002100135942000700156952013500163999001700298 a9788171101825 a491.25 MAX aMax Muller, F. aA Sanskrit Grammar for Biginners aDelhibParimal Publicationsc2012 a407 aSanskrit Grammar cBK 00104070aHMIbHMId2016-04-06ekohinoor Book Distributorsg400.00l3o491.25 MAXp25051r2018-02-22s2018-02-16w2016-04-06yBK c19972d19972